|
|
|
|
| LEADER |
00962cam a2200265 a 4500 |
| 001 |
14615740 |
| 005 |
20130801121546.0 |
| 008 |
130801s2004 enk d 000 0 eng |
| 010 |
|
|
|a 2006285192
|
| 020 |
|
|
|a 185743207X
|
| 040 |
|
|
|a DLC
|c DLC
|d DLC
|d BD-DhAAL
|
| 050 |
0 |
0 |
|a K3239.3
|b .R67 2004
|
| 082 |
|
|
|2 22
|a 341.4/8/03
|
| 999 |
|
|
|c 13794
|d 13794
|
| 999 |
|
|
|c 13794
|
| 100 |
1 |
|
|a Robertson, David,
|d 1946-
|9 2490
|
| 245 |
1 |
2 |
|a A dictionary of human rights /
|c David Robertson.
|
| 250 |
|
|
|a 2nd ed.
|
| 260 |
|
|
|a London ;
|a New York :
|b Europa Publications,
|c 2004.
|
| 300 |
|
|
|a vi, 346 p. ;
|c 25 cm.
|
| 541 |
|
|
|e 27275
|
| 650 |
|
0 |
|a Human rights
|x Dictionaries.
|9 2491
|
| 856 |
4 |
2 |
|3 Publisher description
|u http://www.loc.gov/catdir/enhancements/fy0702/2006285192-d.html
|
| 942 |
|
|
|2 ddc
|c BK
|
| 952 |
|
|
|0 0
|1 0
|2 ddc
|4 0
|6 341_480300000000000_ROB
|7 0
|9 23072
|a IGS
|b IGS
|c GEN
|d 2013-08-01
|e Karim International
|g 15990.00
|l 0
|o 341.4803 ROB
|p 3010027275
|r 2013-08-01
|t 1
|w 2013-08-01
|y BK
|